000 00603nam a22001817a 4500
003 0
005 20230823151806.0
008 230823b xxu||||| |||| 00| 0 eng d
020 _a978-621-427-075-0
050 _aQA 76.73
_b.Un53 2020
245 _aUnderstanding programming for beginners using C#
260 _aManila
_bUnlimited Books Library Services and Publishers Inc.
_cc2020.
300 _aviii, 231 pages :
_bill. ;
_c26 cm.
500 _aC# (Computer program language).
504 _aIncludes bibliographical references.
650 _aC# (Computer program language).
942 _2lcc
_cBK
999 _c365193
_d365193